000 00291nam a22001337a 4500
008 170328b xxu||||| |||| 00| 0 eng d
020 _a9780323023450
041 _aeng
080 _22ND
_a796.3
100 _a8
101 _aSHM
245 _aSPORTS MEDICINE
_cSCUDERI, G.R
942 _2udc
_cBK
999 _c8817
_d8817